[Event "La Roda op 46th"]
[Site "La Roda"]
[Date "2019.04.18"]
[Round "2"]
[White "Carballo Cancela, Manuel"]
[Black "Espinosa Aranda, Angel"]
[Result "0-1"]
[WhiteElo "2123"]
[BlackElo "2482"]
[PlyCount "60"]
[EventDate "2019.04.17"]
[EventType "swiss"]
[EventRounds "9"]
[EventCountry "ESP"]
[SourceTitle "CBM 189 Extra"]
[Source "ChessBase"]
[SourceDate "2019.06.03"]
[SourceVersion "1"]
[SourceVersionDate "2019.06.03"]
[SourceQuality "1"]

1. e4 c5 2. Nc3 g6 3. Nge2 Bg7 4. d4 cxd4 5. Nxd4 Nc6 6. Nde2 Nf6 7. g3 b5 8. Bg2 Rb8 9. 0-0 0-0 10. h3 d6 11. Nd5 Nd7 12. a4 b4 13. Ra2 e6 14. Ne3 b3 15. cxb3 Nc5 16. Ra3 Ba6 17. e5 Nxe5 18. b4 Rxb4 19. Nc2 Rxa4 20. Rxa4 Nxa4 21. Nb4 Bb5 22. Re1 d5 23. Nd4 a6 24. Kh2 Qd6 25. Nbc2 Nc6 26. Nxe6 fxe6 27. Rxe6 Qxe6 28. Bxd5 Rxf2+ 29. Kg1 Rf1+ 30. Qxf1 Qxd5 0-1

[Event "Sanxenxo Carlos op 10th"]
[Site "Sanxenxo"]
[Date "2018.06.22"]
[Round "7"]
[White "Campora, Daniel Hugo"]
[Black "Carballo Cancela, Manuel"]
[Result "1-0"]
[WhiteElo "2424"]
[BlackElo "2114"]
[PlyCount "57"]
[EventDate "2018.06.16"]
[EventType "swiss"]
[EventRounds "9"]
[EventCountry "ESP"]
[SourceTitle "CBM 185 Extra"]
[Source "ChessBase"]
[SourceDate "2018.07.29"]
[SourceVersion "1"]
[SourceVersionDate "2018.07.29"]
[SourceQuality "1"]

1. Nf3 b5 2. e4 a6 3. d4 Bb7 4. Bd3 e6 5. 0-0 d5 6. exd5 Bxd5 7. a4 bxa4 8. c4 Bb7 9. Bc2 Bd6 10. Bxa4+ Kf8 11. Nc3 h5 12. c5 Be7 13. Ne5 Nf6 14. c6 Bc8 15. Bg5 Ng4 16. Qf3 Nxe5 17. Bxe7+ Qxe7 18. dxe5 a5 19. Bb5 Qg5 20. Qe4 f5 21. Qd4 Kf7 22. Rfd1 h4 23. h3 Qe7 24. Qc4 g5 25. b4 g4 26. hxg4 h3 27. g3 h2+ 28. Kh1 a4 29. gxf5 1-0

[Event "Barcelona Sants op 19th"]
[Site "Barcelona"]
[Date "2017.08.18"]
[Round "1"]
[White "Novikov, Stanislav"]
[Black "Carballo Cancela, Manuel"]
[Result "1-0"]
[WhiteElo "2538"]
[BlackElo "2101"]
[PlyCount "55"]
[EventDate "2017.08.18"]
[EventType "swiss"]
[EventRounds "10"]
[EventCountry "ESP"]
[SourceTitle "CBM 180 Extra"]
[Source "ChessBase"]
[SourceDate "2017.10.06"]
[SourceVersion "1"]
[SourceVersionDate "2017.10.06"]
[SourceQuality "1"]

1. e4 d6 2. d4 Nf6 3. f3 c5 4. c3 Nbd7 5. Be3 Qc7 6. Qd2 g6 7. Bd3 Bg7 8. Ne2 0-0 9. a4 b6 10. Na3 Bb7 11. 0-0 a6 12. b4 e5 13. d5 Ne8 14. g4 f5 15. exf5 e4 16. Bxe4 cxb4 17. cxb4 Bxa1 18. Rxa1 Ne5 19. Rc1 Qd7 20. Nc4 gxf5 21. Nxe5 dxe5 22. gxf5 Nd6 23. Bxb6 Rac8 24. Bc5 Rf7 25. Kf2 Qd8 26. Qh6 Nxf5 27. Bxf5 Qxd5 28. Bxh7+ 1-0

[Event "Sanxenxo Carlos op 9th"]
[Site "Sanxenxo"]
[Date "2017.06.21"]
[Round "5"]
[White "Larino Nieto, David"]
[Black "Carballo Cancela, Manuel"]
[Result "1-0"]
[WhiteElo "2495"]
[BlackElo "2067"]
[PlyCount "35"]
[EventDate "2017.06.17"]
[EventType "swiss"]
[EventRounds "9"]
[EventCountry "ESP"]
[SourceTitle "CBM 179 Extra"]
[Source "ChessBase"]
[SourceDate "2017.08.23"]
[SourceVersion "1"]
[SourceVersionDate "2017.08.23"]
[SourceQuality "1"]

1. Nf3 Nf6 2. b3 d5 3. Bb2 c6 4. d3 Bg4 5. Nbd2 Nbd7 6. h3 Bh5 7. g4 Bg6 8. h4 h5 9. g5 Ng4 10. Bh3 Qc7 11. d4 e6 12. c4 Bd6 13. c5 Bg3 14. 0-0 Bxf2+ 15. Rxf2 Qg3+ 16. Rg2 Qxh3 17. Nf1 Bf5 18. Qc1 1-0

[Event "Sanxenxo Carlos op 8th"]
[Site "Sanxenxo"]
[Date "2016.07.03"]
[Round "9"]
[White "Alvarez Fernandez, Enrique"]
[Black "Carballo Cancela, Manuel"]
[Result "1-0"]
[WhiteElo "2282"]
[BlackElo "2038"]
[PlyCount "87"]
[EventDate "2016.06.25"]
[EventType "swiss"]
[EventRounds "9"]
[EventCountry "ESP"]
[SourceTitle "CBM 173 Extra"]
[Source "ChessBase"]
[SourceDate "2016.08.29"]
[SourceVersion "1"]
[SourceVersionDate "2016.08.29"]
[SourceQuality "1"]

1. d4 e6 2. Nf3 d5 3. c4 c6 4. Nc3 Nf6 5. e3 Be7 6. Bd3 0-0 7. 0-0 Nbd7 8. e4 dxe4 9. Nxe4 Nxe4 10. Bxe4 Nf6 11. Bc2 b6 12. Bg5 Bb7 13. Qd3 g6 14. Rfe1 Ng4 15. Bd2 Qc7 16. h3 Nf6 17. Bh6 Rfe8 18. Ne5 Rad8 19. Rad1 Nd7 20. Ng4 Nf6 21. Ne5 Nd7 22. Nf3 Bf6 23. Qe3 Bg7 24. Ba4 Nf6 25. Bf4 Qc8 26. Bg5 a6 27. Ne5 b5 28. Bb3 bxc4 29. Bxc4 Nd5 30. Bxd5 Rxd5 31. Nc4 Qc7 32. b4 f6 33. Bf4 Qd8 34. Bg3 e5 35. Qb3 Kh8 36. dxe5 fxe5 37. Rxd5 cxd5 38. Nxe5 Rf8 39. a4 d4 40. Nf7+ Rxf7 41. Qxf7 Bc6 42. Be5 Bxe5 43. Rxe5 d3 44. Re7 1-0

[Event "Villa Navarrete"]
[Site "Navarrete"]
[Date "2013.09.06"]
[Round "4.1"]
[White "Asensio Linan, Teodoro"]
[Black "Carballo Cancela, Manuel"]
[Result "1-0"]
[WhiteElo "2179"]
[BlackElo "1928"]
[PlyCount "69"]
[EventDate "2013.09.05"]
[EventType "swiss"]
[EventRounds "5"]
[EventCountry "ESP"]
[SourceTitle "EXT 2024"]
[Source "ChessBase"]
[SourceDate "2023.10.10"]
[SourceVersion "1"]
[SourceVersionDate "2023.10.10"]
[SourceQuality "1"]

1. Nf3 d5 2. d4 Nf6 3. Bf4 c5 4. c3 Nc6 5. e3 Qb6 6. Qc2 Bf5 7. dxc5 Bxc2 8. cxb6 Bxb1 9. Rxb1 axb6 10. a3 e6 11. Bb5 Be7 12. Ne5 Rc8 13. Nxc6 bxc6 14. Ba6 Rd8 15. Bc7 Rd7 16. Bxb6 0-0 17. Bd4 c5 18. Be5 Ng4 19. Bg3 h5 20. h3 Nf6 21. Bd3 d4 22. exd4 cxd4 23. c4 Bd6 24. Bxd6 Rxd6 25. 0-0 e5 26. Rfe1 Re8 27. f3 Nd7 28. b4 Ra6 29. Ra1 Rea8 30. Bf5 Nb6 31. c5 Nc4 32. Bd3 Rxa3 33. Rxa3 Nxa3 34. Ra1 Kf8 35. b5 1-0

[Event "Villa Navarrete"]
[Site "Navarrete"]
[Date "2013.09.06"]
[Round "3.4"]
[White "Carballo Cancela, Manuel"]
[Black "Moya Mallafre, Erik"]
[Result "1-0"]
[WhiteElo "1928"]
[BlackElo "1933"]
[PlyCount "103"]
[EventDate "2013.09.05"]
[EventType "swiss"]
[EventRounds "5"]
[EventCountry "ESP"]
[SourceTitle "EXT 2024"]
[Source "ChessBase"]
[SourceDate "2023.10.10"]
[SourceVersion "1"]
[SourceVersionDate "2023.10.10"]
[SourceQuality "1"]

1. e4 c6 2. d4 d5 3. exd5 cxd5 4. c4 Nf6 5. Nc3 Nc6 6. Nf3 Bg4 7. Be2 e6 8. c5 Be7 9. 0-0 0-0 10. a3 Bxf3 11. Bxf3 e5 12. dxe5 Nxe5 13. b4 Nxf3+ 14. Qxf3 a5 15. Bf4 Qd7 16. Rfd1 Rfd8 17. Be5 axb4 18. axb4 Rxa1 19. Rxa1 d4 20. Rd1 Qe6 21. Bxf6 Bxf6 22. Ne4 Be7 23. Ng3 Rd7 24. h3 g6 25. Qd3 f5 26. Ne2 Bf6 27. b5 Qd5 28. Qa3 Kg7 29. Nf4 Qc4 30. Qd3 Qb4 31. c6 bxc6 32. bxc6 Re7 33. c7 Re1+ 34. Rxe1 Qxe1+ 35. Kh2 Qc1 36. Qg3 Kf7 37. Nd5 Bg5 38. Qxg5 Qxg5 39. c8Q d3 40. Qd7+ Kf8 41. f4 Qh6 42. Qe7+ Kg8 43. Qf6 Qg7 44. Qxg7+ Kxg7 45. Kg3 d2 46. Ne3 Kf6 47. Kf3 g5 48. g3 h5 49. h4 gxf4 50. gxf4 Ke6 51. Ke2 d1Q+ 52. Kxd1 1-0

[Event "Barcelona Sant Marti op-B 15th"]
[Site "Barcelona"]
[Date "2013.07.14"]
[Round "2"]
[White "Carballo Cancela, Manuel"]
[Black "Abascal Vicente, Ignacio"]
[Result "1-0"]
[WhiteElo "1850"]
[BlackElo "1715"]
[PlyCount "57"]
[EventDate "2013.07.13"]
[EventType "swiss"]
[EventRounds "9"]
[EventCountry "ESP"]
[SourceTitle "CBM 155 Extra"]
[Source "ChessBase"]
[SourceDate "2013.08.26"]
[SourceVersion "1"]
[SourceVersionDate "2013.08.26"]
[SourceQuality "1"]

1. e4 e5 2. Nf3 Nc6 3. Bc4 Be7 4. d4 d6 5. dxe5 dxe5 6. Bd5 Bd7 7. Nc3 Bf6 8. 0-0 Nge7 9. Be3 0-0 10. Bc5 Re8 11. Re1 Nxd5 12. exd5 Nb8 13. Ne4 Bg4 14. h3 Bxf3 15. Qxf3 Nd7 16. Be3 Be7 17. Rad1 Nf6 18. Bg5 Nxe4 19. Bxe7 Qxe7 20. Qxe4 Qf6 21. Re3 Rad8 22. Rdd3 Qg6 23. Qc4 Qd6 24. Qg4 Qg6 25. Qe2 e4 26. Rd4 f5 27. Qc4 Qd6 28. g3 c6 29. dxc6+ 1-0

[Event "Mondariz op 9th"]
[Site "Mondariz Balneario"]
[Date "2011.08.27"]
[Round "6.20"]
[White "Teles, Paulo Sergio"]
[Black "Carballo Cancela, Manuel"]
[Result "1-0"]
[WhiteElo "1720"]
[BlackElo "1575"]
[PlyCount "104"]
[EventDate "2011.08.22"]
[EventType "swiss"]
[EventRounds "7"]
[EventCountry "ESP"]
[SourceTitle "EXT 2024"]
[Source "ChessBase"]
[SourceDate "2023.10.10"]
[SourceVersion "1"]
[SourceVersionDate "2023.10.10"]
[SourceQuality "1"]

1. d4 e6 2. e4 d5 3. exd5 exd5 4. Nf3 Bd6 5. Nc3 c6 6. Be2 Ne7 7. 0-0 Qc7 8. h3 h6 9. Re1 Be6 10. Bd3 Nd7 11. a3 Nf6 12. Ne5 Bxe5 13. dxe5 Nd7 14. f4 a6 15. Be3 g6 16. Rc1 c5 17. Bf2 b5 18. Qd2 Rd8 19. b3 Nb6 20. Bf1 h5 21. Bh4 Rd7 22. Bf6 Rh7 23. a4 c4 24. Bxe7 Kxe7 25. axb5 Qc5+ 26. Qf2 Qxf2+ 27. Kxf2 d4 28. Na4 Nxa4 29. bxa4 axb5 30. axb5 d3 31. cxd3 cxd3 32. Rc3 d2 33. Rd1 Rh8 34. Rd3 Rxd3 35. Bxd3 Rd8 36. Rxd2 Bc4 37. Ke3 Rxd3+ 38. Rxd3 Bxb5 39. Rb3 Bc6 40. Kf2 Bd5 41. Ra3 Be6 42. Ra7+ Kf8 43. Ke3 Kg7 44. h4 Bg4 45. g3 Be6 46. Kd4 Bg4 47. Kc5 Bf5 48. Kd6 Be6 49. Ke7 Bg4 50. Ra6 Bf5 51. Rf6 Bb1 52. Rxf7+ Kh6 1-0

[Event "Gallego-ch U14"]
[Site "Pontedeume A Coruna"]
[Date "2010.02.14"]
[Round "4.5"]
[White "Pardo Gomez, Jose Ramon"]
[Black "Carballo Cancela, Manuel"]
[Result "1-0"]
[WhiteElo "1716"]
[BlackElo "1527"]
[PlyCount "50"]
[EventDate "2010.02.13"]
[EventType "swiss"]
[EventRounds "8"]
[EventCountry "ESP"]
[SourceTitle "EXT 2024"]
[Source "ChessBase"]
[SourceDate "2023.10.10"]
[SourceVersion "1"]
[SourceVersionDate "2023.10.10"]
[SourceQuality "1"]

1. e4 e6 2. d4 d5 3. e5 c5 4. c3 Nc6 5. Nf3 Qb6 6. a3 cxd4 7. cxd4 Nge7 8. b4 Nf5 9. Be3 a6 10. Bd3 Ncxd4 11. Bxd4 Nxd4 12. Nxd4 Qxd4 13. Bb5+ axb5 14. Qxd4 Ra6 15. 0-0 Be7 16. Nc3 Bd7 17. Qd3 0-0 18. Nxb5 Rc8 19. Nd4 f6 20. Nf3 Rb6 21. Rac1 Ra8 22. Qd4 Rba6 23. Rc7 Rd8 24. Rxb7 Rxa3 25. b5 Ra4 1-0

[Event "Gallego-ch U14"]
[Site "Pontedeume A Coruna"]
[Date "2010.02.13"]
[Round "2.3"]
[White "Carballo Cancela, Manuel"]
[Black "Arellano Pardo, Martin"]
[Result "0-1"]
[WhiteElo "1527"]
[BlackElo "1765"]
[PlyCount "61"]
[EventDate "2010.02.13"]
[EventType "swiss"]
[EventRounds "8"]
[EventCountry "ESP"]
[SourceTitle "EXT 2024"]
[Source "ChessBase"]
[SourceDate "2023.10.10"]
[SourceVersion "1"]
[SourceVersionDate "2023.10.10"]
[SourceQuality "1"]

1. g3 d5 2. d4 Nf6 3. Bg2 Bf5 4. Nc3 e6 5. Bg5 Be7 6. Nf3 c5 7. 0-0 Nc6 8. e3 Bg4 9. Ne2 h6 10. Bxf6 Bxf6 11. dxc5 Qa5 12. h3 Bxf3 13. Bxf3 Ne5 14. Nd4 Qxc5 15. Bg2 Nc4 16. Rb1 Rc8 17. c3 0-0 18. h4 b5 19. Nb3 Qb6 20. Nd4 b4 21. Ne2 Qa5 22. Qc2 bxc3 23. Nxc3 Bxc3 24. bxc3 Na3 25. Qb3 Nxb1 26. Rxb1 Rxc3 27. Qb2 Rfc8 28. Kh2 Rc2 29. Qb7 Qxa2 30. e4 R2c7 31. Qb4 0-1